000 nam a22 7a 4500
999 _c29410
_d29410
008 171205b xxu||||| |||| 00| 0 eng d
020 _a9789966252685
050 _aPJ 7816 .S55 2003
100 _aShihemi, Joy
245 _aEntre Copains 2 :
_ba French course book for secondary schools /
_cJoy Shihemi, Joy Simekha & James Odhiambo
260 _aNairobi :
_bEast African Educational Publishers LTD.,
_cc2003
300 _aviii, 137 p. : col. ill. ; 26 cm.
650 _aFrench language -- Secondary schools
700 _aSimekha, Joy
700 _aOdhiambo, James.
942 _2lcc
_cBOOKS
_hPJ 7816 .S55 2003
_03